[Event "XXX C.to Italiano femminile"]
[Site "Bratto - Castione della Presolana ITA"]
[Date "2003.08.26"]
[Round "6"]
[White "Nazarova, Olga"]
[Black "Matta, Francesca"]
[Result "1-0"]
[WhiteElo "2050"]
[BlackElo "1624"]
[PlyCount "101"]
[EventDate "2003.08.21"]

1. d4 Nf6 2. c4 g6 3. Nc3 Bg7 4. e4 d6 5. h3 O-O 6. Nf3 c5 7. d5 e6 8. Bd3 exd5
9. cxd5 a6 10. O-O b5 11. Qc2 Re8 12. Re1 Ra7 13. Bg5 Rae7 14. Nd2 h6 15. Bh4
g5 16. Bg3 Bb7 17. f3 Nh5 18. Bh2 Bxc3 19. Qxc3 Bxd5 20. Nf1 b4 21. Qd2 Be6 22.
b3 Qb6 23. Kh1 Rd8 24. g4 Ng7 25. Rad1 Nc6 26. Ne3 Nd4 27. Kg2 Qc6 28. Nd5 Bxd5
29. exd5 Qb7 30. Rxe7 Qxe7 31. Bxa6 Ra8 32. Bc4 Qf6 33. Rf1 Ne8 34. f4 Qg6 35.
f5 Qf6 36. Bg1 Nc7 37. Bxd4 Qxd4 38. Qxd4 cxd4 39. Rf2 Ra5 40. Rd2 Nxd5 41.
Bxd5 Rxd5 42. Kf3 Rc5 43. Rxd4 Rc3+ 44. Ke4 Rxh3 45. Rxb4 Kg7 46. a4 h5 47. a5
hxg4 48. a6 Rh2 49. a7 g3 50. Kf3 g2 51. Kf2 1-0

[Event "XXX C.to Italiano femminile"]
[Site "Bratto - Castione della Presolana ITA"]
[Date "2003.08.26"]
[Round "6"]
[White "Panella, Fiammetta"]
[Black "Decataldo, Alba"]
[Result "1/2-1/2"]
[WhiteElo "1840"]
[BlackElo "1794"]
[PlyCount "94"]
[EventDate "2003.08.21"]

1. e4 d5 2. exd5 Qxd5 3. Nc3 Qd6 4. d4 Nf6 5. Bc4 a6 6. a4 Nc6 7. Nge2 Bg4 8.
f3 Bf5 9. O-O e6 10. Bf4 Qd7 11. Na2 Be7 12. b4 Nd5 13. b5 Nxf4 14. bxc6 Nxe2+
15. Qxe2 Qxc6 16. g4 Bg6 17. f4 Be4 18. Nc3 Bd5 19. Nxd5 exd5 20. Bb5 axb5 21.
axb5 Rxa1 22. bxc6 Rxf1+ 23. Kxf1 bxc6 24. Qe5 f6 25. Qxc7 Kf7 26. Qxc6 Rd8 27.
f5 Rd6 28. Qc7 Rd8 29. Ke2 Kf8 30. h4 h6 31. Kd3 Kf7 32. c4 dxc4+ 33. Kxc4 Kf8
34. d5 Kf7 35. Qb6 Rd6 36. Qb7 Rd8 37. Kb5 Rd6 38. Kc4 Rd8 39. Qb1 Rd6 40. Qe4
Kf8 41. Qf4 Rd8 42. Kd4 Rd6 43. Kc5 Ra6+ 44. Kb5 Rd6 45. Qc4 Kf7 46. Qe4 Kf8
47. Kc4 Kf7 1/2-1/2

[Event "XXX C.to Italiano femminile"]
[Site "Bratto - Castione della Presolana ITA"]
[Date "2003.08.26"]
[Round "6"]
[White "Pili, Erika"]
[Black "Sirletti, Sonia"]
[Result "1-0"]
[WhiteElo "1759"]
[BlackElo "2071"]
[PlyCount "170"]
[EventDate "2003.08.21"]

1. e4 d5 2. exd5 Qxd5 3. Nc3 Qa5 4. d4 Nf6 5. Nf3 c6 6. Bd2 Bf5 7. Ne4 Qd8 8.
Nxf6+ gxf6 9. Bc4 e6 10. Bb3 Qc7 11. Qe2 Nd7 12. O-O-O O-O-O 13. Nh4 Bg6 14.
Nxg6 hxg6 15. g3 Bd6 16. h4 Rde8 17. Qe3 f5 18. Rhe1 Kb8 19. Bc3 Rh5 20. f4 Rc8
21. Kb1 Nf6 22. Bd2 Ne4 23. c4 Nf6 24. Bc2 Rhh8 25. Bc3 Rhd8 26. d5 Ng4 27. Qe2
cxd5 28. cxd5 exd5 29. Rxd5 Qc6 30. Red1 Bc7 31. Rxd8 Rxd8 32. Rxd8+ Bxd8 33.
a3 a6 34. Qd2 Bf6 35. Bb4 Qb6 36. Qd5 Ne3 37. Qxf7 Nxc2 38. Qf8+ Qd8 39. Qxd8+
Bxd8 40. Kxc2 Kc8 41. Kd3 Bb6 42. Ke2 Kd7 43. Kf3 Bd8 44. Bc3 Ke6 45. Be5 Kd5
46. Ke3 Kc4 47. Ke2 b5 48. Kd2 Kb3 49. Kd3 Bb6 50. Ke2 a5 51. Kf3 Bd8 52. Kg2
Be7 53. Kh3 Kc4 54. g4 fxg4+ 55. Kxg4 Kd5 56. h5 gxh5+ 57. Kxh5 Ke6 58. Kg6 Bf8
59. Bc3 b4 60. axb4 axb4 61. f5+ Kd5 62. Bg7 Bc5 63. f6 Kc4 64. f7 Kb3 65. Kf5
Kc2 66. Ke4 b3 67. Kd5 Bb4 68. Kc4 Be7 69. Bc3 Bf8 70. Bb4 Bg7 71. Ba3 Bh6 72.
Kd5 Kd3 73. f8=Q Bxf8 74. Bxf8 Kc2 75. Bg7 Kd3 76. Bc3 Ke3 77. Kc4 Ke4 78. Kxb3
Kd5 79. Ka4 Kc6 80. Ka5 Kb7 81. Bd4 Kc7 82. Ka6 Kb8 83. b4 Ka8 84. b5 Kb8 85.
b6 Ka8 1-0

[Event "XXX C.to Italiano femminile"]
[Site "Bratto - Castione della Presolana ITA"]
[Date "2003.08.26"]
[Round "6"]
[White "Reginato, Sabrina"]
[Black "Tiozzo Netti, Valeria"]
[Result "0-1"]
[WhiteElo "1395"]
[BlackElo "1600"]
[PlyCount "70"]
[EventDate "2003.08.21"]

1. e4 e5 2. Nf3 Nf6 3. d3 d6 4. Be2 g6 5. O-O Bg7 6. Nc3 Be6 7. Bg5 Nbd7 8. Re1
h6 9. Be3 Nb6 10. Qd2 Qe7 11. Rad1 O-O-O 12. Bxb6 axb6 13. h3 h5 14. Qc1 Bh6
15. Qb1 g5 16. Nh2 g4 17. hxg4 hxg4 18. g3 Rh7 19. Kg2 Rdh8 20. Rh1 d5 21. a3
dxe4 22. dxe4 Rg8 23. Bd3 c6 24. Qa1 Ne8 25. b3 Nd6 26. a4 Nxe4 27. Bxe4 f5 28.
Bd3 e4 29. Nxe4 Bd5 30. Kf1 Bxe4 31. Bxe4 Qxe4 32. Rg1 Bg7 33. Qc1 Rxh2 34. Re1
Qf3 35. Qd2 Bc3 0-1

[Event "XXX C.to Italiano femminile"]
[Site "Bratto - Castione della Presolana ITA"]
[Date "2003.08.26"]
[Round "6"]
[White "Sautto, Alessandra"]
[Black "Cassinera, Chiara"]
[Result "1/2-1/2"]
[WhiteElo "1968"]
[BlackElo "1528"]
[PlyCount "73"]
[EventDate "2003.08.21"]

1. d4 Nf6 2. Nc3 g6 3. e4 d6 4. f3 Bg7 5. Be3 O-O 6. Qd2 e5 7. Nge2 Nc6 8. g4
Re8 9. h4 h5 10. gxh5 Nxh5 11. d5 Nb8 12. Bg5 Bf6 13. O-O-O Nd7 14. Bh3 Bxg5
15. hxg5 Nb6 16. b3 Kg7 17. Bg4 Rh8 18. Bxh5 gxh5 19. Rdg1 h4 20. f4 Rh5 21. f5
Bd7 22. Rh3 Qh8 23. Rg4 Rg8 24. Ng1 f6 25. g6 Qh6 26. Qxh6+ Rxh6 27. Rhxh4 Rxh4
28. Rxh4 Rh8 29. Rxh8 Kxh8 30. Kd2 Kg7 31. Ke3 Nc8 32. Nce2 Ne7 33. Ng3 Kh6 34.
Nh3 Nxg6 35. Ne2 Ne7 36. c4 a5 37. a3 1/2-1/2

[Event "XXX C.to Italiano femminile"]
[Site "Bratto - Castione della Presolana ITA"]
[Date "2003.08.27"]
[Round "7"]
[White "Ambrosi, Eleonora"]
[Black "Nazarova, Olga"]
[Result "1-0"]
[WhiteElo "2091"]
[BlackElo "2050"]
[PlyCount "53"]
[EventDate "2003.08.21"]

1. e4 d5 2. exd5 Qxd5 3. Nc3 Qa5 4. d4 Nf6 5. Nf3 Bg4 6. Be2 e6 7. O-O c6 8. h3
Bf5 9. Ne5 Qc7 10. Be3 Nbd7 11. f4 h5 12. a3 O-O-O 13. Nxf7 Bd6 14. Nxh8 Rxh8
15. Bd3 Bg4 16. Qe1 g5 17. fxg5 Bxh3 18. gxh3 Ng4 19. Ne4 Bb4 20. Qe2 Be7 21.
hxg4 hxg4 22. Bf4 e5 23. dxe5 Nxe5 24. Bxe5 Qxe5 25. Qxg4+ Kc7 26. Qg3 Bc5+ 27.
Kg2 1-0

[Event "XXX C.to Italiano femminile"]
[Site "Bratto - Castione della Presolana ITA"]
[Date "2003.08.27"]
[Round "7"]
[White "Bassi, Serena"]
[Black "Reginato, Sabrina"]
[Result "1/2-1/2"]
[WhiteElo "1347"]
[BlackElo "1395"]
[PlyCount "54"]
[EventDate "2003.08.21"]

1. e4 c5 2. Nc3 d6 3. g3 Nf6 4. Bg2 e6 5. d3 Be7 6. f4 Qc7 7. Nf3 a6 8. Be3 Nc6
9. O-O O-O 10. d4 cxd4 11. Nxd4 b5 12. Nxc6 Qxc6 13. e5 d5 14. exf6 Bxf6 15.
Bd4 Be7 16. Re1 Bd7 17. Nxd5 exd5 18. Rxe7 Be6 19. Ra7 Rac8 20. Bf2 Qxc2 21.
Qxc2 Rxc2 22. Rd1 Rxb2 23. Rxa6 h6 24. Bxd5 Rd8 25. Bb3 Rxd1+ 26. Bxd1 Rb1 27.
Rd6 Bg4 1/2-1/2

[Event "XXX C.to Italiano femminile"]
[Site "Bratto - Castione della Presolana ITA"]
[Date "2003.08.27"]
[Round "7"]
[White "Bianchini, Aurora"]
[Black "Brunello, Roberta"]
[Result "1/2-1/2"]
[WhiteElo "1654"]
[BlackElo "1480"]
[PlyCount "128"]
[EventDate "2003.08.21"]

1. d4 d5 2. c4 e6 3. Nc3 Nf6 4. Bg5 Nbd7 5. e3 Be7 6. Nf3 O-O 7. Bd3 Re8 8. Qc2
Nf8 9. O-O h6 10. Bh4 c6 11. c5 N6h7 12. Bxe7 Qxe7 13. Ne5 Bd7 14. f4 Red8 15.
Qe2 f6 16. Ng4 e5 17. fxe5 Bxg4 18. Qxg4 fxe5 19. Rae1 e4 20. Be2 Qg5 21. Qh3
Nf6 22. Rf5 Qg6 23. Ref1 Ne6 24. Rxf6 gxf6 25. Qxe6+ Kg7 26. Rf4 Re8 27. Qh3
Qh7 28. Qd7+ Kh8 29. Qxh7+ Kxh7 30. Rxf6 Kg7 31. Rd6 Re7 32. b4 Rf8 33. Bg4
Ref7 34. Rd7 Kg6 35. Rxf7 Rxf7 36. b5 Kg5 37. Be2 a5 38. bxa6 bxa6 39. Bxa6 Ra7
40. Be2 Ra3 41. Nd1 Rxa2 42. Kf1 Kh4 43. Kf2 Ra8 44. g3+ Kg5 45. h4+ Kg6 46.
Bg4 Ra7 47. Nc3 Ra3 48. Ne2 Ra7 49. Nf4+ Kf6 50. Nh5+ Kg6 51. Nf4+ Kf6 52. Bh5
Ra8 53. Be2 Kf5 54. g4+ Kf6 55. h5 Rf8 56. Ng6 Ra8 57. Ne5 Rc8 58. Kg3 Kg7 59.
Kf4 Rf8+ 60. Kg3 Rc8 61. Kh4 Kf6 62. Nd7+ Ke7 63. Ne5 Kf6 64. Nd7+ Ke7 1/2-1/2

[Event "XXX C.to Italiano femminile"]
[Site "Bratto - Castione della Presolana ITA"]
[Date "2003.08.27"]
[Round "7"]
[White "Clappa, Ilaria"]
[Black "Panella, Fiammetta"]
[Result "1-0"]
[WhiteElo "1648"]
[BlackElo "1840"]
[PlyCount "59"]
[EventDate "2003.08.21"]

1. e4 c5 2. c4 Nc6 3. Nc3 g6 4. g3 Bg7 5. Bg2 e6 6. Nge2 Nge7 7. d3 O-O 8. O-O
d6 9. Rb1 a6 10. Be3 Rb8 11. a3 Nd4 12. b4 Qc7 13. Qd2 Rd8 14. Bh6 Bh8 15. h4
Nec6 16. f4 f5 17. Bh3 cxb4 18. axb4 b5 19. cxb5 Nxe2+ 20. Nxe2 Rxb5 21. Kh2
Qb6 22. g4 Rxb4 23. Rxb4 Qxb4 24. Qe3 Kf7 25. Rg1 Nd4 26. h5 gxh5 27. gxh5 Bd7
28. Bg5 Rc8 29. exf5 exf5 30. Qe7+ 1-0

[Event "XXX C.to Italiano femminile"]
[Site "Bratto - Castione della Presolana ITA"]
[Date "2003.08.27"]
[Round "7"]
[White "De Rosa, Mariagrazia"]
[Black "Fittante, Giuliana"]
[Result "1-0"]
[WhiteElo "1828"]
[BlackElo "1813"]
[PlyCount "57"]
[EventDate "2003.08.21"]

1. e4 e5 2. Nf3 Nf6 3. Nxe5 d6 4. Nf3 Nxe4 5. Nc3 Nxc3 6. dxc3 Be7 7. Be3 Nc6
8. Qd2 Be6 9. a3 O-O 10. O-O-O Bf6 11. h4 Ne5 12. Nd4 Bc4 13. Bg5 Bxf1 14.
Rdxf1 Nc4 15. Qf4 Be5 16. Qg4 Qc8 17. Nf5 Qe6 18. f4 Bxc3 19. bxc3 Ne3 20. Nxe3
Qxe3+ 21. Kd1 f5 22. Rh3 Qe8 23. Qg3 Qh5+ 24. Qf3 Qxf3+ 25. Rhxf3 h6 26. Be7
Rfe8 27. Re1 Kf7 28. Rfe3 a5 29. h5 1-0

[Event "XXX C.to Italiano femminile"]
[Site "Bratto - Castione della Presolana ITA"]
[Date "2003.08.27"]
[Round "7"]
[White "Matta, Francesca"]
[Black "Castellano, Fulvia"]
[Result "1-0"]
[WhiteElo "1624"]
[BlackElo "1525"]
[PlyCount "75"]
[EventDate "2003.08.21"]

1. e4 c5 2. Nc3 d6 3. g3 Nf6 4. Bg2 e6 5. d3 Be7 6. f4 O-O 7. Nf3 Nc6 8. O-O a6
9. a4 Qc7 10. Nh4 Nd4 11. Ne2 Bd7 12. c3 Nxe2+ 13. Qxe2 b5 14. e5 Nd5 15. c4
Bxh4 16. gxh4 bxc4 17. dxc4 Ne7 18. Bxa8 Rxa8 19. exd6 Qxd6 20. Rd1 Qc6 21. Qg2
Qxg2+ 22. Kxg2 Bc6+ 23. Kf2 Nf5 24. Be3 Rb8 25. Rd2 h6 26. Bxc5 Nxh4 27. b4 Nf3
28. Rd6 Be4 29. h3 a5 30. Rad1 Kh7 31. Rd8 Rxd8 32. Rxd8 axb4 33. Bxb4 e5 34.
Ke3 Bc6 35. a5 exf4+ 36. Kxf4 g5+ 37. Kf5 Ng1 38. Bc3 1-0

[Event "XXX C.to Italiano femminile"]
[Site "Bratto - Castione della Presolana ITA"]
[Date "2003.08.27"]
[Round "7"]
[White "Mosca, Giulia"]
[Black "Sautto, Alessandra"]
[Result "0-1"]
[WhiteElo "1452"]
[BlackElo "1968"]
[PlyCount "86"]
[EventDate "2003.08.21"]

1. e4 e6 2. d4 d5 3. exd5 exd5 4. Nf3 Bd6 5. Bd3 Ne7 6. h3 Nbc6 7. c3 Bf5 8.
O-O Bxd3 9. Qxd3 Qd7 10. Be3 f6 11. h4 O-O-O 12. b4 Qg4 13. a4 Nf5 14. Nbd2
Nxh4 15. Nxh4 Qxh4 16. Qf5+ Kb8 17. Nf3 Qe4 18. Qxe4 dxe4 19. Nd2 f5 20. Rfb1
f4 21. Bxf4 Bxf4 22. Nxe4 Rhe8 23. f3 Ne7 24. a5 Nf5 25. Kf2 Nd6 26. Nc5 Nb5
27. Ne4 b6 28. g3 Bh6 29. axb6 axb6 30. Ra6 Kb7 31. Rba1 Ra8 32. Rxa8 Rxa8 33.
Rxa8 Kxa8 34. Ke2 Nd6 35. Nf2 g6 36. g4 Kb7 37. Kd3 b5 38. d5 g5 39. Ne4 Nxe4
40. fxe4 Bg7 41. c4 bxc4+ 42. Kxc4 Kb6 43. b5 Be5 0-1

[Event "XXX C.to Italiano femminile"]
[Site "Bratto - Castione della Presolana ITA"]
[Date "2003.08.27"]
[Round "7"]
[White "Pili, Erika"]
[Black "Costantini, Laura"]
[Result "1/2-1/2"]
[WhiteElo "1759"]
[BlackElo "2075"]
[PlyCount "127"]
[EventDate "2003.08.21"]

1. e4 c5 2. Nc3 d6 3. g3 g6 4. Bg2 Bg7 5. f4 e6 6. Nf3 Nc6 7. d3 Nge7 8. O-O
O-O 9. Be3 Nd4 10. Rb1 Qa5 11. Qd2 Nec6 12. a3 Rb8 13. b4 Nxf3+ 14. Bxf3 cxb4
15. axb4 Qd8 16. Ne2 b5 17. Bg2 Qc7 18. Rfc1 Bd7 19. c4 bxc4 20. Rxc4 Qb7 21.
e5 d5 22. Rcc1 Rfc8 23. b5 Ne7 24. b6 Rxc1+ 25. Qxc1 Nf5 26. bxa7 Qxb1 27.
axb8=Q+ Qxb8 28. Bc5 Qb5 29. Qa3 h5 30. Kf2 Bc8 31. Bf1 Nh6 32. h3 Ba6 33. Nc3
Qc6 34. Be2 Bb7 35. d4 Qc8 36. Nb5 Bf8 37. Nd6 Qa8 38. Qb2 Bc6 39. Bd1 Bxd6 40.
exd6 Qd8 41. Qb6 Qxb6 42. Bxb6 Kf8 43. g4 hxg4 44. hxg4 Ke8 45. Kg3 Kd7 46. Bc5
f5 47. Kh4 Nf7 48. Be2 Ba4 49. Bf3 Bc2 50. Be2 Nxd6 51. Bxd6 Kxd6 52. Kg5 Ke7
53. Bf3 Be4 54. Be2 Kf7 55. Bd1 Bg2 56. gxf5 gxf5 57. Be2 Be4 58. Bh5+ Ke7 59.
Be2 Bc2 60. Bf3 Ba4 61. Bh5 Bd7 62. Bg6 Bc8 63. Bh5 Kd6 64. Kf6 1/2-1/2

[Event "XXX C.to Italiano femminile"]
[Site "Bratto - Castione della Presolana ITA"]
[Date "2003.08.27"]
[Round "7"]
[White "Sirletti, Sonia"]
[Black "Decataldo, Alba"]
[Result "1/2-1/2"]
[WhiteElo "2071"]
[BlackElo "1794"]
[PlyCount "63"]
[EventDate "2003.08.21"]

1. d4 d5 2. c4 e6 3. Nc3 c5 4. cxd5 cxd4 5. Qa4+ Bd7 6. Qxd4 exd5 7. Nf3 Nc6 8.
Qxd5 Nf6 9. Qd1 Bc5 10. e3 Qe7 11. Bb5 O-O-O 12. Qb3 g5 13. O-O g4 14. Nd4 Nxd4
15. Bxd7+ Rxd7 16. exd4 Bxd4 17. Qc4+ Qc5 18. Qxc5+ Bxc5 19. Be3 Bxe3 20. fxe3
Ne8 21. Rad1 Rf8 22. Rxd7 Kxd7 23. Rf4 h5 24. Ne4 f5 25. Ng3 Ng7 26. e4 Ke6 27.
Nxf5 Nxf5 28. Rxf5 Rxf5 29. exf5+ Kxf5 30. Kf2 Ke4 31. Kg3 Kf5 32. Kh4 1/2-1/2

[Event "XXX C.to Italiano femminile"]
[Site "Bratto - Castione della Presolana ITA"]
[Date "2003.08.27"]
[Round "7"]
[White "Tiozzo Netti, Valeria"]
[Black "Tonel, Giulia"]
[Result "1-0"]
[WhiteElo "1600"]
[BlackElo "1425"]
[PlyCount "125"]
[EventDate "2003.08.21"]

1. e4 e5 2. Nf3 Nc6 3. Bc4 Bc5 4. b4 Bxb4 5. c3 Bc5 6. d4 exd4 7. cxd4 Bb4+ 8.
Nbd2 d6 9. Qb3 Qe7 10. O-O Nf6 11. d5 a5 12. dxc6 bxc6 13. Bb2 O-O 14. Rfe1 Be6
15. Bxe6 fxe6 16. a3 Bc5 17. e5 Nd5 18. Ne4 Bb6 19. Qc2 Qd7 20. Neg5 g6 21.
exd6 cxd6 22. Rxe6 Nf4 23. Ree1 Qg4 24. g3 Nh3+ 25. Kf1 Rxf3 26. Nxf3 Qxf3 27.
Rad1 Bxf2 28. Qe4 Qxe4 29. Rxe4 Bc5 30. Rde1 Rf8+ 31. Kg2 Ng5 32. Re8 Rxe8 33.
Rxe8+ Kf7 34. Rc8 Ne4 35. Rxc6 Nd2 36. Ra6 Nc4 37. Bc1 Ke6 38. Kf3 h5 39. Ke4
Bg1 40. h4 Bc5 41. Kf4 Kf6 42. Ra8 Bf2 43. Rc8 Ne5 44. Bb2 Ke6 45. Bc3 Kd7 46.
Rg8 a4 47. Ra8 Nd3+ 48. Kf3 Nc5 49. Kxf2 Ne4+ 50. Kf3 Nxc3 51. Rg8 Nb5 52. Rxg6
Nxa3 53. Rg5 Nc4 54. Rxh5 a3 55. Rh7+ Kc6 56. Ra7 Kb5 57. h5 Kb4 58. h6 Ne5+
59. Kf4 Kb3 60. h7 a2 61. Kg5 d5 62. h8=Q Nf3+ 63. Kf4 1-0

[Event "XXX C.to Italiano femminile"]
[Site "Bratto - Castione della Presolana ITA"]
[Date "2003.08.28"]
[Round "8"]
[White "Ambrosi, Eleonora"]
[Black "Clappa, Ilaria"]
[Result "1-0"]
[WhiteElo "2091"]
[BlackElo "1648"]
[PlyCount "53"]
[EventDate "2003.08.21"]

1. e4 e6 2. d4 d5 3. Nc3 Bb4 4. Nge2 dxe4 5. a3 Bxc3+ 6. Nxc3 Ne7 7. Nxe4 Nbc6
8. Bb5 a6 9. Bxc6+ Nxc6 10. Be3 O-O 11. Qd3 Ne7 12. O-O-O b5 13. Ng5 Ng6 14. h4
Re8 15. Nxh7 e5 16. Ng5 Nf8 17. Qe4 Rb8 18. dxe5 Qe7 19. h5 Bb7 20. Qg4 Bc8 21.
Qg3 Bf5 22. h6 Qxe5 23. Qxe5 Rxe5 24. hxg7 Ng6 25. Rh8+ Nxh8 26. gxh8=Q+ Kxh8
27. Nxf7+ 1-0

[Event "XXX C.to Italiano femminile"]
[Site "Bratto - Castione della Presolana ITA"]
[Date "2003.08.28"]
[Round "8"]
[White "Bianchini, Aurora"]
[Black "Cassinera, Chiara"]
[Result "1-0"]
[WhiteElo "1654"]
[BlackElo "1528"]
[PlyCount "91"]
[EventDate "2003.08.21"]

1. d4 Nf6 2. c4 d6 3. Nc3 g6 4. g3 Bg7 5. Bg2 O-O 6. Nf3 Re8 7. e4 Nbd7 8. O-O
c5 9. d5 Nb6 10. Qd3 a6 11. Rb1 Rf8 12. b3 Ne8 13. Bb2 f5 14. Qe3 e6 15. exf5
exf5 16. Ne2 Bxb2 17. Rxb2 Qf6 18. Rbb1 Ng7 19. Qh6 Nh5 20. Rfe1 Qg7 21. Qe3
Bd7 22. Nf4 Nxf4 23. Qxf4 Qf6 24. Qh6 Qg7 25. Qh4 Rae8 26. Ng5 h6 27. Ne6 Bxe6
28. dxe6 Rf6 29. Rbd1 Rfxe6 30. Rxe6 Rxe6 31. Qd8+ Kh7 32. Qxb6 Qe7 33. Qxb7
Qxb7 34. Bxb7 a5 35. Kf1 Kg7 36. Re1 Kf6 37. Rxe6+ Kxe6 38. Ke2 Ke5 39. Ke3 g5
40. f4+ gxf4+ 41. gxf4+ Kf6 42. Bc8 h5 43. h4 Kg6 44. Kd3 Kf6 45. Kc2 Kg6 46.
Kb2 1-0

[Event "XXX C.to Italiano femminile"]
[Site "Bratto - Castione della Presolana ITA"]
[Date "2003.08.28"]
[Round "8"]
[White "Brunello, Roberta"]
[Black "Sirletti, Sonia"]
[Result "1/2-1/2"]
[WhiteElo "1480"]
[BlackElo "2071"]
[PlyCount "123"]
[EventDate "2003.08.21"]

1. e4 d5 2. exd5 Qxd5 3. Nc3 Qa5 4. d4 Nf6 5. Bc4 Bf5 6. Nge2 e6 7. O-O c6 8.
Nf4 Bd6 9. Nd3 Qc7 10. g3 Nbd7 11. Bf4 O-O 12. Re1 Bxf4 13. Nxf4 Rad8 14. Bd3
Bxd3 15. Qxd3 e5 16. dxe5 Nxe5 17. Qe2 Rfe8 18. Nh5 Neg4 19. Nxf6+ Nxf6 20. Qc4
Qa5 21. Ne4 Nxe4 22. Rxe4 Rxe4 23. Qxe4 g6 24. a3 Qc5 25. Re1 Rd2 26. Re2 Rd1+
27. Re1 Rxe1+ 28. Qxe1 Qxc2 29. Qe8+ Kg7 30. Qe5+ Kh6 31. Qf4+ Kg7 32. Qe5+ Kh6
33. Qf4+ g5 34. Qxf7 Qd1+ 35. Kg2 Qd5+ 36. Qxd5 cxd5 37. Kf3 Kg6 38. Ke3 Kf5
39. f3 h5 40. Kd4 Ke6 41. a4 a5 42. b3 b6 43. f4 gxf4 44. gxf4 h4 45. f5+ Kxf5
46. Kxd5 Kg4 47. Kc6 Kh3 48. Kxb6 Kxh2 49. Kxa5 Kg1 50. b4 h3 51. b5 h2 52. b6
h1=Q 53. Ka6 Qa8+ 54. Kb5 Qd5+ 55. Ka6 Qc4+ 56. Ka5 Qc5+ 57. Ka6 Qc4+ 58. Ka5
Qc8 59. b7 Qc5+ 60. Ka6 Qb4 61. a5 Kf2 62. b8=Q 1/2-1/2

[Event "XXX C.to Italiano femminile"]
[Site "Bratto - Castione della Presolana ITA"]
[Date "2003.08.28"]
[Round "8"]
[White "Castellano, Fulvia"]
[Black "Panella, Fiammetta"]
[Result "0-1"]
[WhiteElo "1525"]
[BlackElo "1840"]
[PlyCount "50"]
[EventDate "2003.08.21"]

1. e4 c5 2. Nf3 e6 3. d4 cxd4 4. Nxd4 a6 5. Nc3 Qc7 6. Bd3 Nf6 7. h3 d6 8. Be3
Nbd7 9. f3 b5 10. Qd2 Bb7 11. O-O-O Rc8 12. h4 Nc5 13. Kb1 Be7 14. Bf2 Nfd7 15.
Nce2 Nb6 16. Ng3 Nc4 17. Qe2 Nxb2 18. Bxb5+ axb5 19. Qxb5+ Kf8 20. Qxb2 Na4 21.
Nb5 Nxb2 22. Nxc7 Nxd1 23. Nxe6+ fxe6 24. Rxd1 Kf7 25. Kb2 Rc4 0-1

[Event "XXX C.to Italiano femminile"]
[Site "Bratto - Castione della Presolana ITA"]
[Date "2003.08.28"]
[Round "8"]
[White "Costantini, Laura"]
[Black "Fittante, Giuliana"]
[Result "0-1"]
[WhiteElo "2075"]
[BlackElo "1813"]
[PlyCount "106"]
[EventDate "2003.08.21"]

1. e4 Nf6 2. e5 Nd5 3. d4 d6 4. c4 Nb6 5. exd6 exd6 6. Nc3 Be7 7. Be3 O-O 8.
Be2 Nc6 9. h3 Bf5 10. Nf3 Bf6 11. O-O Re8 12. Rc1 a6 13. Qd2 h6 14. b3 d5 15.
c5 Nc8 16. Qb2 N8e7 17. Rfd1 Bg6 18. b4 Nf5 19. b5 Nxe3 20. fxe3 axb5 21. Qxb5
Rxe3 22. Qxb7 Na5 23. Qb4 c6 24. Bf1 Qc7 25. Qb2 Bh5 26. Qf2 Qf4 27. Ne2 Qe4
28. Ng3 Rxf3 29. gxf3 Qxf3 30. Qxf3 Bxf3 31. Be2 Bxe2 32. Nxe2 Nc4 33. Nc3 Ra3
34. Rd3 Nb2 35. Rf3 Bxd4+ 36. Kg2 Bxc5 37. Rcf1 f6 38. Rb1 Nc4 39. Rb8+ Bf8 40.
Rc8 Ne5 41. Rg3 Kf7 42. Rc7+ Ke6 43. Kf1 h5 44. Rc8 h4 45. Rg2 Bb4 46. Ne2 Bc5
47. Rxg7 Rf3+ 48. Ke1 d4 49. Rb7 Kd5 50. a4 Nd3+ 51. Kd2 Bb4+ 52. Kc2 c5 53.
Rb5 Ne5 0-1

[Event "XXX C.to Italiano femminile"]
[Site "Bratto - Castione della Presolana ITA"]
[Date "2003.08.28"]
[Round "8"]
[White "Decataldo, Alba"]
[Black "De Rosa, Mariagrazia"]
[Result "1/2-1/2"]
[WhiteElo "1794"]
[BlackElo "1828"]
[PlyCount "76"]
[EventDate "2003.08.21"]

1. e4 c5 2. c3 d5 3. exd5 Qxd5 4. d4 Nc6 5. Nf3 Bg4 6. Be2 cxd4 7. cxd4 e6 8.
Nc3 Qd6 9. Be3 Nf6 10. Qd2 a6 11. O-O Be7 12. Rfd1 Rd8 13. Rac1 O-O 14. h3 Bh5
15. Ng5 Bxe2 16. Qxe2 Nb4 17. a3 Nbd5 18. Nxd5 Qxd5 19. Nf3 Qa5 20. Bg5 Nd5 21.
Bxe7 Nxe7 22. Rc5 Qb6 23. Rdc1 Nc6 24. Qd2 Rd7 25. Qc3 Rd6 26. Rd1 Rfd8 27. b4
Rd5 28. Rd2 h6 29. Qe3 e5 30. dxe5 Rxd2 31. Nxd2 Nxe5 32. Rxe5 Qxe3 33. Rxe3
Rxd2 34. Re8+ Kh7 35. Re7 f6 36. Rxb7 Ra2 37. Ra7 Rxa3 38. b5 a5 1/2-1/2

[Event "XXX C.to Italiano femminile"]
[Site "Bratto - Castione della Presolana ITA"]
[Date "2003.08.28"]
[Round "8"]
[White "Matta, Francesca"]
[Black "Pili, Erika"]
[Result "1/2-1/2"]
[WhiteElo "1624"]
[BlackElo "1759"]
[PlyCount "94"]
[EventDate "2003.08.21"]

1. d4 d5 2. Nf3 Nf6 3. Bf4 e6 4. e3 b6 5. Bd3 Bb7 6. O-O c5 7. c3 Nbd7 8. Nbd2
Be7 9. h3 c4 10. Bc2 O-O 11. Ne5 Nxe5 12. dxe5 Ne8 13. Qh5 g6 14. Qh6 f6 15.
Nf3 Rf7 16. exf6 Bf8 17. Qg5 Qxf6 18. Ne5 Qxg5 19. Bxg5 Rc7 20. Ba4 a6 21. Nd7
b5 22. Nxf8 Kxf8 23. Bd1 Kf7 24. Bf3 Nf6 25. Rfd1 Ra7 26. Bf4 Rd7 27. Rd4 Bc6
28. Be5 Ne4 29. h4 h5 30. g3 Ke7 31. Bg2 Ra8 32. Rad1 Nf6 33. Bxf6+ Kxf6 34. e4
Rad8 35. exd5 Bxd5 36. Bxd5 Rxd5 37. Rxd5 Rxd5 38. Rxd5 exd5 39. Kf1 Ke5 40.
Ke2 a5 41. Ke3 b4 42. f3 Kf5 43. Kd4 Ke6 44. a3 bxc3 45. bxc3 a4 46. Kc5 Ke5
47. Kb4 Kd6 1/2-1/2

[Event "XXX C.to Italiano femminile"]
[Site "Bratto - Castione della Presolana ITA"]
[Date "2003.08.28"]
[Round "8"]
[White "Sautto, Alessandra"]
[Black "Nazarova, Olga"]
[Result "0-1"]
[WhiteElo "1968"]
[BlackElo "2050"]
[PlyCount "68"]
[EventDate "2003.08.21"]

1. e4 d5 2. exd5 Qxd5 3. Nc3 Qa5 4. d4 c6 5. Be2 Nf6 6. Nf3 Bg4 7. O-O Nbd7 8.
Nd2 Bf5 9. Nb3 Qc7 10. f4 Rd8 11. Qe1 Bxc2 12. Be3 Bxb3 13. axb3 a6 14. f5 Nb6
15. Bf4 Qc8 16. Qf2 e6 17. fxe6 fxe6 18. Bg5 Be7 19. Bh5+ g6 20. Bxf6 Rf8 21.
Bxg6+ hxg6 22. Qh4 Qd7 23. Bxe7 Rxf1+ 24. Rxf1 Qxe7 25. Qe4 Kd7 26. Qxg6 Kc8
27. Ne2 Nd5 28. Rf7 Qd6 29. Rg7 Nf4 30. Qf7 Nxe2+ 31. Kh1 Rd7 32. Qe8+ Kc7 33.
Rxd7+ Qxd7 34. Qxd7+ Kxd7 0-1

[Event "XXX C.to Italiano femminile"]
[Site "Bratto - Castione della Presolana ITA"]
[Date "2003.08.28"]
[Round "8"]
[White "Tomba, Patrizia"]
[Black "Mosca, Giulia"]
[Result "1/2-1/2"]
[WhiteElo "1492"]
[BlackElo "1452"]
[PlyCount "134"]
[EventDate "2003.08.21"]

1. e4 c6 2. d4 d5 3. Nc3 dxe4 4. Nxe4 Nd7 5. Nf3 Ngf6 6. Nc3 e6 7. Bc4 c5 8.
dxc5 Bxc5 9. O-O O-O 10. Bg5 b6 11. Ne4 Be7 12. Nxf6+ Nxf6 13. Qe2 Qc7 14. Bb3
Rd8 15. Rad1 Bb7 16. Bh4 Rac8 17. Ne5 Nd5 18. Bxe7 Qxe7 19. g3 Qf6 20. c4 Ne7
21. Ng4 Qf3 22. Qxf3 Bxf3 23. Rxd8+ Rxd8 24. Ne3 Rd2 25. Bd1 Bb7 26. Bc2 Ba6
27. Rd1 Rxd1+ 28. Bxd1 Kf8 29. b3 Nc6 30. a3 Ke7 31. f4 Kd6 32. Kf2 Nd4 33. Ng4
h6 34. Ne5 f6 35. Nd3 e5 36. fxe5+ fxe5 37. Ke3 Bb7 38. g4 Ne6 39. h4 e4 40.
Nf2 Ke5 41. Bc2 Nd4 42. Bd1 g6 43. Nh3 Ne6 44. Be2 Nd4 45. Bd1 Nf3 46. Bxf3
exf3 47. Nf2 h5 48. Nd3+ Kf6 49. Kf4 hxg4 50. Kxg4 Be4 51. Nf2 Ke5 52. Kg3 Kf5
53. Nh3 Bc6 54. Ng5 f2 55. Kxf2 Kg4 56. Nf7 Kxh4 57. Ne5 Be8 58. Ke3 g5 59. Kd4
g4 60. Nxg4 Kxg4 61. Kd5 Kf5 62. Kd6 Ke4 63. Kc7 Bf7 64. Kb7 Bxc4 65. bxc4 Kd4
66. Kxa7 Kxc4 67. Kxb6 Kb3 1/2-1/2